| 000 | 01127nac a22003377a 4500 | ||
|---|---|---|---|
| 001 | BR4800153 | ||
| 003 | BR-BrBNA | ||
| 005 | 20240105112849.0 | ||
| 008 | 230509b bl.|||m| |||| 00| 0 por d | ||
| 040 |
_aBR-BrBNA _bpor _cBiblioteca Nacional de Agricultura |
||
| 072 | _aF30; H20 | ||
| 090 | _a0140 BR4800153 | ||
| 100 | 1 | _aSilva, A.R. da | |
| 110 | 1 |
_aInstituto Agronomico do Sul, Pelotas, RS (Brasil) _95634 |
|
| 245 | 1 | _aComportamento de variedades de aveia em Curitiba de 1941 a 1946 [Avena spp.; Ferrugem alaranjada; Puccinia coronata avenae; Parana; Brasil] | |
| 260 | 3 |
_aPelotas, RS (Brasil): _c1948. |
|
| 300 | _a28 p. | ||
| 490 |
_aBoletim Tecnico - Instituto Agronomico do Sul (Brazil) _vno. 3 _x |
||
| 500 | _a6 ref.; Summary (En) | ||
| 650 | _aMELHORAMENTO GENETICO VEGETAL | ||
| 650 | _aDOENCA DE PLANTA | ||
| 650 | _aAVEIA | ||
| 650 | _aFERRUGEM ALARANJADA | ||
| 650 | _aCOMPORTAMENTO DE VARIEDADE | ||
| 650 | _aVARIEDADE RESISTENTE | ||
| 650 | _aCONTROLE GENETICO | ||
| 650 | _aCURITIBA | ||
| 650 | _aPARANA | ||
| 909 |
_a202312 _bLúcia Elande _c55 _dLúcia Elande |
||
| 942 |
_2AGRIS _n0 _cMS |
||
| 999 |
_c260658 _d260658 |
||